History Quiz

Random History or Politics Quiz

Odd One Out: Presidents by Name Quiz Stats

 Plays Quiz Updated Apr 23, 2018

Score 0/16 Timer 02:00
4 Plays Today
Question Answer Wrong Answers
35th President Arthur
92.6%
John
1.5%
Fitzgerald
1.5%
Kennedy
3.1%
44th President Gamaliel
91.7%
Barack
1.2%
Hussein
2.7%
Obama
1.6%
6th President James
89.3%
John
4.2%
Quincy
3.7%
Adams
2.7%
34th President Andrew
88.7%
Dwight
1.4%
David
5.8%
Eisenhower
1.7%
9th President Herbert
86.6%
William
4.6%
Henry
4.2%
Harrison
3.7%
27th President George
86.2%
William
4.1%
Howard
5.5%
Taft
2.4%
39th President King
82.7%
James
1.2%
Earl
8.8%
Carter
2.1%
19th President Gerald
81%
Rutherford
1.9%
Birchard
12.1%
Hayes
1.8%
42nd President Jackson
78.5%
William
1.2%
Jefferson
6.1%
Clinton
3.5%
41st President Grover
75.1%
Herbert
4.6%
Walker
2.9%
Bush
3.9%
30th President Ford
73.8%
John
15.2%
Calvin
1.8%
Coolidge
3.1%
11th President Monroe
68%
James
1.1%
Knox
15.3%
Polk
11.4%
18th President Alan
67.1%
Hiram
20.3%
Ulysses
2.7%
Grant
1.2%
20th President Lincoln
64%
James
4.1%
Abram
11%
Garfield
14%
40th President Woodrow
62.9%
Ronald
2.1%
Wilson
15.7%
Reagan
14.7%
31st President Leslie
51.1%
Herbert
1.3%
Clark
42.5%
Hoover
1.3%

You're not logged in!

Compare scores with friends on all Sporcle quizzes.
OR
Log In

Sporcle TV

Today on Sporcle TV


Watch our educational content, quiz creation guides, and fun videos on Sporcle TV.

Show Comments

Extras

Top Quizzes Today


Score Distribution

Your Account Isn't Verified!

In order to create a playlist on Sporcle, you need to verify the email address you used during registration. Go to your Sporcle Settings to finish the process.

Report this User

Report this user for behavior that violates our Community Guidelines.

Details: